Вып. 63; Разработка месторождений полезных ископаемых

書誌詳細
Parent link:Разработка месторождений полезных ископаемых: республиканский межведомственный научно-технический сборник/ Донецкий политехнический институт. Вып. 63.— , 1964-1991
その他の著者: Зборщик М. П. (редактор)
言語:ロシア語
出版事項: 1982
主題:
フォーマット: 図書
KOHA link:https://koha.lib.tpu.ru/cgi-bin/koha/opac-detail.pl?biblionumber=299797

MARC

LEADER 00000nam2a2200000 4500
001 299797
005 20231102001234.0
035 |a (RuTPU)RU\TPU\book\324949 
090 |a 299797 
100 |a 20150702d1982 km y0rusy50 ca 
101 0 |a rus 
102 |a UA 
105 |a a z 001zy 
200 0 |a Вып. 63 
210 |d 1982 
215 |a 136 с.  |c ил. 
320 |a Библиогр. в конце ст. 
461 1 |0 (RuTPU)RU\TPU\book\163941  |t Разработка месторождений полезных ископаемых  |o республиканский межведомственный научно-технический сборник  |f Донецкий политехнический институт  |v Вып. 63  |d 1964-1991 
606 1 |a Полезные ископаемые  |x Добыча  |2 stltpush  |3 (RuTPU)RU\TPU\subj\50075  |9 68824 
606 1 |a Месторождения полезных ископаемых  |x Разработка, подземная  |2 stltpush  |3 (RuTPU)RU\TPU\subj\67492  |9 83267 
610 1 |a разработка 
610 1 |a подземная разработка 
610 1 |a уголь 
610 1 |a угольные месторождения 
610 1 |a горные породы 
610 1 |a физика 
610 1 |a геомеханика 
610 1 |a очистные работы 
610 1 |a проходческие работы 
610 1 |a экономическая эффективность 
675 |a 622.3  |v 4 
675 |a 622.272  |v 4 
702 1 |a Зборщик  |b М. П.  |4 340 
801 1 |a RU  |b 63413507  |c 20150702 
801 2 |a RU  |b 63413507  |c 20190328  |g RCR 
942 |c BK